LEADER 01287nam a2200241 4500 001 000000359271 003 CaOOAMICUS 005 20240807101624.0 008 240807s1811 it 000 u ita r 040 $aSeMil$bita 100 11$aGoldoni, Carlo,$d<1707-1793>.$0(OLS)http://semarc/name/457 245 10$aMemorie del signor Carlo Goldoni per servire all'istoria della sua vita e a quella del suo teatro. Traduzione dal francese. Tomo 1. [-3]. 264 1$aLucca :$bDalla tipografia di Francesco Bertini,$c1811. 300 $a3 v. ;$c8° 700 1 $aBertini, Francesco,$c.$0(OLS)http://semarc/name/11289 850 $aSeMil 852 $aSeMil$W1$xVenegono$y1$m1P II 67 FA$j250171$pT. 1$B250337$CSeMilBibl$Z2$F250337 $8I 852 $aSeMil$W1$xVenegono$y1$m1P II 68 FA$j250172$pT. 2$B250338$CSeMilBibl$Z2$F250338 $8I 852 $aSeMil$W1$xVenegono$y1$m1P II 69 FA$j250173$pT. 3$B250339$CSeMilBibl$Z2$F250339 $8I 941 1 $a10 996 $6245$aMemorie del signor Carlo Goldoni per servire all'istoria della sua vita e a quella del suo teatro. Traduzione dal francese. Tomo 1. [-3]$9(OLS)http://semarc/title/449713 996 $6264$aLucca :$bDalla tipografia di Francesco Bertini$9(OLS)http://semarc/publisher/36470 LEADER 01592nam a2200265 4500 001 000000360269 003 CaOOAMICUS 005 20241011122840.0 008 241011s200u xxk 000 u eng r 040 $aSeMil$bita 245 00$aBeiträge zur Reformationsgeschichte :$bSammlung ungedruckter Briefe des Reuchlin, Beza und Bullinger, nebst einem Anhange zur Geschichte der Jesuiten /$caus den handschriftlichen Schätzen der Königlichen Bibliothek zu Berlin mit Einleitungen und Anmerkungen herausgegeben von Gottlieb Friedlaender. 264 1$a[S.l. :$bs.n.,$c200?]$f(Amazon.co.uk) 300 $aviii 286 p. ;$c26 cm 533 $aRist. anastatica.$bBerlin :$cEnslin'sche Buchhandlung (Ferdinand Müller),$d1837 650 4$aRiforma protestante - Storia - Fonti.$0(OLS)http://semarc/subject/56474 700 1 $aReuchlin, Johann,$d<1455-1522>.$0(OLS)http://semarc/name/36064 700 1 $aFriedländer, Gottlieb,$d<1795-1878>.$0(OLS)http://semarc/name/120679 700 1 $aBullinger, Heinrich,$d<1504-1575>.$0(OLS)http://semarc/name/51809 700 1 $aBèze, Théodore : de,$d<1519-1605>.$0(OLS)http://semarc/name/34989 850 $aSeMil 852 $aSeMil$W1$xVenegono$y1$m2K VII 82$j251563$B251296$CSeMilBibl$Z2$F251296 $81 961 $aBuzzi mons. Franco - Omaggio 996 $6245$aBeiträge zur Reformationsgeschichte :$bSammlung ungedruckter Briefe des Reuchlin, Beza und Bullinger, nebst einem Anhange zur Geschichte der Jesuiten$9(OLS)http://semarc/title/450744 996 $6264$a[S.l. :$bs.n.$9(OLS)http://semarc/publisher/31686